[Event "Piestany Pressburg op"]
[Site "Piestany"]
[Date "2007.11.18"]
[Round "7"]
[White "Mrazik, Lubomir"]
[Black "Nikel, Rastislav"]
[Result "1/2-1/2"]
[WhiteElo "2026"]
[BlackElo "1896"]
[PlyCount "22"]
[EventDate "2007.11.14"]
[EventType "swiss"]
[EventRounds "7"]
[EventCountry "SVK"]
[SourceTitle "CBM 121 Extra"]
[Source "ChessBase"]
[SourceDate "2008.01.10"]
[SourceVersion "1"]
[SourceVersionDate "2008.01.10"]
[SourceQuality "1"]

1. e4 e5 2. Nf3 Nf6 3. Nxe5 d6 4. Nf3 Nxe4 5. d4 d5 6. Bd3 Be7 7. 0-0 0-0 8. h3 Bf5 9. Re1 Nd7 10. Bf4 Re8 11. Nbd2 Nxd2 1/2-1/2

[Event "SVK-chT2D 0607"]
[Site "Slovakia"]
[Date "2006.12.17"]
[Round "6.3"]
[White "Mrazik, Lubomir"]
[Black "Fecko, Juraj"]
[Result "1-0"]
[WhiteElo "2099"]
[BlackElo "1921"]
[PlyCount "57"]
[EventDate "2006.10.14"]
[EventType "team-tourn"]
[EventRounds "11"]
[EventCountry "SVK"]
[SourceTitle "EXT 2008"]
[Source "ChessBase"]
[SourceDate "2007.11.25"]
[SourceVersion "1"]
[SourceVersionDate "2007.11.25"]
[SourceQuality "1"]
[WhiteTeam "Humenne Reinter"]
[BlackTeam "Michalovce Zemplin II"]
[WhiteTeamCountry "SVK"]
[BlackTeamCountry "SVK"]

1. e4 c5 2. Nf3 e6 3. d4 cxd4 4. Nxd4 Nc6 5. Nc3 a6 6. Be3 Nf6 7. f3 d6 8. Qd2 Be7 9. 0-0-0 0-0 10. g4 Nxd4 11. Bxd4 e5 12. Be3 b5 13. g5 b4 14. Na4 Nd7 15. h4 Rb8 16. h5 Bb7 17. Kb1 Bc6 18. b3 Bxa4 19. bxa4 Qa5 20. g6 Nc5 21. h6 Bf6 22. gxh7+ Kh8 23. hxg7+ Bxg7 24. Bh6 Bxh6 25. Qxh6 f6 26. Bc4 b3 27. Qg7+ Kxg7 28. Rdg1+ Kh8 29. Rg8+ 1-0

[Event "SVK-chT2D 0607"]
[Site "Slovakia"]
[Date "2006.11.25"]
[Round "3.3"]
[White "Mrazik, Lubomir"]
[Black "Koval, Anton"]
[Result "0-1"]
[WhiteElo "2099"]
[BlackElo "2200"]
[PlyCount "42"]
[EventDate "2006.10.14"]
[EventType "team-tourn"]
[EventRounds "11"]
[EventCountry "SVK"]
[SourceTitle "EXT 2008"]
[Source "ChessBase"]
[SourceDate "2007.11.25"]
[SourceVersion "1"]
[SourceVersionDate "2007.11.25"]
[SourceQuality "1"]
[WhiteTeam "Humenne Reinter"]
[BlackTeam "Bardejov BSK"]
[WhiteTeamCountry "SVK"]
[BlackTeamCountry "SVK"]

1. e4 c5 2. Nf3 e6 3. d4 cxd4 4. Nxd4 a6 5. Nc3 Qc7 6. a3 Nf6 7. Be2 b5 8. 0-0 Bb7 9. Bf3 d6 10. Qe2 Be7 11. e5 dxe5 12. Bxb7 Qxb7 13. Qxe5 0-0 14. Qg3 Rd8 15. Nf3 Ne4 16. Nxe4 Qxe4 17. Bh6 Bf6 18. c3 Nc6 19. Rad1 Rxd1 20. Rxd1 Qc2 21. Rf1 Qxb2 0-1

[Event "Tatry op"]
[Site "Tatranske Zruby"]
[Date "2006.09.29"]
[Round "8"]
[White "Valenta, Vit"]
[Black "Mrazik, Lubomir"]
[Result "1-0"]
[WhiteElo "2194"]
[BlackElo "2099"]
[PlyCount "65"]
[EventDate "2006.09.23"]
[EventType "swiss"]
[EventRounds "9"]
[EventCountry "SVK"]
[SourceTitle "CBM 114 Extra"]
[Source "ChessBase"]
[SourceDate "2006.11.03"]
[SourceVersion "1"]
[SourceVersionDate "2006.11.03"]
[SourceQuality "1"]

1. b4 e5 2. Bb2 d6 3. g3 Nf6 4. Bg2 Be7 5. d3 c6 6. Nd2 Be6 7. Ngf3 0-0 8. 0-0 Qd7 9. Ng5 Bf5 10. e4 Bg4 11. f3 Bh5 12. g4 Bg6 13. h4 h6 14. Nh3 Na6 15. a3 Nc7 16. c4 Ne6 17. Nb3 Qc7 18. Kh1 Nd7 19. h5 Bh7 20. Qd2 Qd8 21. d4 Nb6 22. Rac1 Qc7 23. d5 Nf4 24. Nxf4 Bg5 25. Qf2 Bxf4 26. Rc2 Rac8 27. dxc6 bxc6 28. c5 dxc5 29. Nxc5 Rfd8 30. Bc1 Bxc1 31. Rfxc1 Kh8 32. Bf1 Qd6 33. Nb7 1-0

[Event "Tatry op"]
[Site "Tatranske Zruby"]
[Date "2006.09.27"]
[Round "6"]
[White "Mrazik, Lubomir"]
[Black "Ramik, Zdenek"]
[Result "1/2-1/2"]
[WhiteElo "2099"]
[BlackElo "2274"]
[PlyCount "27"]
[EventDate "2006.09.23"]
[EventType "swiss"]
[EventRounds "9"]
[EventCountry "SVK"]
[SourceTitle "CBM 114 Extra"]
[Source "ChessBase"]
[SourceDate "2006.11.03"]
[SourceVersion "1"]
[SourceVersionDate "2006.11.03"]
[SourceQuality "1"]

1. e4 e5 2. Nf3 d6 3. d4 exd4 4. Nxd4 Nf6 5. Nc3 Be7 6. Be2 0-0 7. Be3 c6 8. f3 d5 9. exd5 Nxd5 10. Nxd5 Qxd5 11. c3 Nd7 12. Nb3 Nf6 13. 0-0 Be6 14. Qe1 1/2-1/2

[Event "Tatry op"]
[Site "Tatranske Zruby"]
[Date "2006.09.25"]
[Round "3"]
[White "Mrazik, Lubomir"]
[Black "Gruber, Milos"]
[Result "1/2-1/2"]
[WhiteElo "2099"]
[BlackElo "1977"]
[PlyCount "60"]
[EventDate "2006.09.23"]
[EventType "swiss"]
[EventRounds "9"]
[EventCountry "SVK"]
[SourceTitle "CBM 114 Extra"]
[Source "ChessBase"]
[SourceDate "2006.11.03"]
[SourceVersion "1"]
[SourceVersionDate "2006.11.03"]
[SourceQuality "1"]

1. e4 c5 2. Nf3 d6 3. d4 cxd4 4. Nxd4 Nf6 5. Nc3 a6 6. Be2 e6 7. Be3 Be7 8. f4 Qc7 9. 0-0 0-0 10. Bf3 Nc6 11. Nb3 b5 12. Qe1 Bb7 13. Qf2 Rac8 14. a3 Rfe8 15. Rad1 Bf8 16. Kh1 Ne7 17. Bb6 Qb8 18. Be3 d5 19. e5 Ne4 20. Bxe4 dxe4 21. Nc5 Nf5 22. Nxb7 Qxb7 23. Rfe1 b4 24. axb4 Bxb4 25. Bd2 e3 26. Bxe3 Bxc3 27. bxc3 Rxc3 28. Bd4 Nxd4 29. Rxd4 Qc6 30. Rd2 h6 1/2-1/2

[Event "SVK-chT2D 0506"]
[Site "Slovakia"]
[Date "2006.01.15"]
[Round "7.2"]
[White "Svrcek, Lubos"]
[Black "Mrazik, Lubomir"]
[Result "0-1"]
[WhiteElo "2034"]
[BlackElo "2111"]
[PlyCount "68"]
[EventDate "2005.10.22"]
[EventType "team-tourn"]
[EventRounds "11"]
[EventCountry "SVK"]
[SourceTitle "EXT 2009"]
[Source "ChessBase"]
[SourceDate "2008.11.26"]
[SourceVersion "1"]
[SourceVersionDate "2008.11.26"]
[SourceQuality "1"]

1. e4 c5 2. Nc3 Nc6 3. g3 d6 4. Bg2 g6 5. f4 Bg7 6. Nf3 a6 7. 0-0 Nf6 8. d3 e6 9. h3 Qb6 10. Rb1 Nh5 11. Ne2 c4+ 12. Kh2 c3 13. g4 cxb2 14. Bd2 Nf6 15. Bc3 h5 16. Rxb2 Qc7 17. g5 Ng4+ 18. hxg4 Bxc3 19. Nxc3 hxg4+ 20. Kg3 gxf3 21. Bxf3 Nd4 22. Qd2 Nxf3 23. Rxf3 Bd7 24. d4 0-0-0 25. Ne2 d5 26. e5 Rh5 27. Rf2 Rdh8 28. Ng1 Rh1 29. Nf3 R8h3+ 30. Kg2 Qd8 31. Qc3+ Bc6 32. Rf1 R1h2+ 33. Kg1 Qh8 34. Qa3 Rg3# 0-1

[Event "SVK-chT2D 0506"]
[Site "Slovakia"]
[Date "2005.11.27"]
[Round "4.2"]
[White "Mrazik, Lubomir"]
[Black "Juhar, Roman"]
[Result "0-1"]
[WhiteElo "2111"]
[BlackElo "2040"]
[PlyCount "84"]
[EventDate "2005.10.22"]
[EventType "team-tourn"]
[EventRounds "11"]
[EventCountry "SVK"]
[SourceTitle "EXT 2009"]
[Source "ChessBase"]
[SourceDate "2008.11.26"]
[SourceVersion "1"]
[SourceVersionDate "2008.11.26"]
[SourceQuality "1"]

1. e4 d5 2. exd5 Nf6 3. d4 Nxd5 4. Nf3 Bg4 5. Be2 e6 6. 0-0 Be7 7. c4 Nb6 8. Nc3 0-0 9. Be3 c6 10. b3 N8d7 11. h3 Bh5 12. Qd2 Nf6 13. Ne5 Bxe2 14. Nxe2 a5 15. Ng3 a4 16. Qe2 Nbd7 17. Nf3 Qa5 18. Qb2 Bb4 19. Bd2 Ra7 20. Bxb4 Qxb4 21. Qd2 Qa3 22. b4 b5 23. Ne1 bxc4 24. Nc2 Qd3 25. Qxd3 cxd3 26. Ne3 Nd5 27. Nxd5 cxd5 28. Rfd1 Rc8 29. Rxd3 a3 30. Nf1 Rc2 31. Rb3 Nb6 32. Ne3 Rb2 33. Kf1 Nc4 34. Kg1 Kf8 35. b5 Nb6 36. Kh2 Rxf2 37. Ng4 Rb2 38. Ne5 f6 39. Nc6 Ra4 40. Kg3 Ke8 41. Kf3 Kd7 42. g3 Nc4 0-1